000 01686nam a22004217a 4500
003 CHAP
005 20220329140807.0
008 971013s1964 r 00010 d
010 _a57721
011 _a58693
035 _a62849
040 _cCHAP
082 _a636.0824
_bA52
100 0 0 _aAlba M., Jorge de.
_93417
245 _aReproducción y genética animal
260 _aTurrialba :
_bIICA,
_c1964
300 _a446 p.
_b: ilus.
490 _aTextos y materiales de enseñanza
_v; 15
590 _aBATCH-UPD
_b10
_c20130110
_lUCH01
_h1555
590 _aBATCH-UPD
_b10
_c20130410
_lUCH01
_h0952
590 _aBATCH-UPD
_b10
_c20130914
_lUCH01
_h0339
590 _aCONVERSION
_b10
_c20130109
_lUCH01
_h1331
650 1 4 _aAnimales domésticos
_xGenética.
_95903
650 1 4 _aGanadería.
_944604
650 1 4 _aGanado
_xMejoramiento.
_944926
830 0 _aTextos y materiales de enseñanza
_v; 15
_9112587
901 _aBK
942 _cLIBRO
949 _a636.0824 A52
_bBC
_cLIBRO
_d-134746
_eLIBRO
_fc.5
_h27482
_i62849
_si
949 _a636.0824 A52
_bBC
_cLIBRO
_d33724000270302
_eLIBRO
_fc.9
_h27485
_i62849
_si
949 _a636.0824 A52
_bBC
_cLIBRO
_d33724000766549
_eLIBRO
_fc.8
_h27484
_i62849
_si
949 _a636.0824 A52
_bBC
_cLIBRO
_d33724000790077
_eLIBRO
_fc.4
_h2494
_i62849
_si
949 _a636.0824 A52
_bBC
_cLIBRO
_d33724000901716
_eLIBRO
_fc.3
_h66132
_i62849
_si
949 _a636.0824 A52
_bBC
_cLIBRO
_d33724002038397
_eLIBRO
_fc.6
_h27483
_i62849
_si
949 _a636.0824 A52
_bBC
_cLIBRO
_d33724002123793
_eLIBRO
_fc.11
_gI.c/e
_h111048
_i62849
_sb
949 _a636.0824 A52
_bBC
_cLIBRO
_d628491
_eLIBRO
_h43532
_i62849
_si
949 _a636.0824 A52
_bBC
_cMUT
_d-149155
_eMUT
_fc.10
_h43532
_i62849
_si
999 _c57721
_d57721